000 01521cam a2200385 a 4500
001 EDZ0000076807
003 StDuBDS
005 20161031105120.0
006 m||||||||d||||||||
007 cr |||||||||||
008 120418s2004 enka fo| 001|0|eng d
020 _a9781446211427 (ebook) :
_cNo price
040 _aStDuBDS
_beng
_cStDuBDS
_epn
049 _aAlfaisal Main Library
050 0 _aLB2900.5
_b.E94 2004
082 0 4 _a371.2
_223
100 1 _aEverard, K. B.
_q(Kenneth Boothby),
_d1926-
245 1 0 _aEffective school management
_h[electronic resource].
250 _a4th ed. /
_bK.B. Everard, Geoffrey Morris and Ian Wilson.
260 _aLondon :
_bPaul Chapman,
_c2004.
300 _a1 online resource (xviii, 301 p.) :
_bill.
500 _aPrevious ed.: 1996.
504 _aIncludes bibliographical references and index.
520 8 _a'Effective School Management' has been thoroughly updated and is now even more directed towards the leadership demands on managers, both within the school and in its community setting.
521 _aSpecialized.
588 _aDescription based on print version record.
650 0 _aSchool management and organization.
655 7 _aElectronic books.
_2local
700 1 _aMorris, Geoffrey,
_d1932-
700 1 _aWilson, Ian,
_d1951 March 2-
710 2 _aSage eBooks
776 0 8 _iPrint version :
_z9781412900492
856 4 0 _uhttp://ezproxy.alfaisal.edu/login?url=http://sk.sagepub.com/books/effective-school-management-4e
942 _2lcc
_cEBOOKS
999 _c479602
_d479602